Govt. of
Madhya Pradesh

Status Of Muslim Women In Indian (Record no. 16288)

MARC details
000 -LEADER
fixed length control field 003400000a22001570004500
001 - CONTROL NUMBER
control field 004397
003 - CONTROL NUMBER IDENTIFIER
control field MACL
040 ## - CATALOGING SOURCE
Original cataloging agency MACL
090 ## - LOCALLY ASSIGNED LC-TYPE CALL NUMBER (OCLC); LOCAL CALL NUMBER (RLIN)
-- 16390
-- 16389
100 ## - MAIN ENTRY--PERSONAL NAME
Personal name Kumar, Hajira
245 ## - TITLE STATEMENT
Title Status Of Muslim Women In Indian
Statement of responsibility, etc. Hajira Kumar
260 ## - PUBLICATION, DISTRIBUTION, ETC. (IMPRINT)
Place of publication, distribution, etc. Aakar Books,
Date of publication, distribution, etc. 2002
350 ## - PRICE (NR) (BK AM CF MU VM SE) [OBSOLETE]
Price 300
650 ## - SUBJECT ADDED ENTRY--TOPICAL TERM
Topical term or geographic name as entry element Religion
942 ## - ADDED ENTRY ELEMENTS (KOHA)
Call number prefix 297
Koha item type Library Membar
Holdings
Withdrawn status Lost status Source of classification or shelving scheme Damaged status Not for loan Home library Current library Date acquired Cost, normal purchase price Total Checkouts Full call number Barcode Date last seen Uniform Resource Identifier Price effective from Koha item type
          MACL MACL 15/04/2015 300.00   297.092/KUM CRE016774 02/05/2024 16192 15/04/2015 Books